01472pab a2200145 454500008004000000100002300040245002700063260000900090300001400099362001200113520112200125650002601247700002001273773003301293180718b2002 xxu||||| |||| 00| 0 eng d aFeldman, Martha S. aTo Manage is to govern c2002 ap.541-54. aSep-Oct aGovernance structures constrain and enable the actions of public managers. Principal - agent theory has played a dominant role in our understanding of governance structures. This theory suggests that politicians create relatively static governance structures in a top-down fashion and hold managers accountable for mandated results. In other words, public managers are influenced by governance structures but do not affect governance structures. However, we argue that public managers do affect governance structures, and, in order to understand how this influence takes place, we need a new way of thinking about governance structures. We propose thinking about governance structures as relationships created through the interactions of people in different and reciprocal roles that are relatively dynamic. Public managers are an important source of the multiple, reciprocal, and dynamic interactions that produce governance (relationship) structures. As such, managers are accountable not only for policy outcomes, but also for the appropriateness of the relationships they cfreate and support. - Reproduced. aPublic administration aKhademian, Anne aPublic Administration Review